00545nam a2200193 a 4500020001800000082001800018100001900036245002600055260003800081300000900119500003500128505001000163650001900173650001900192700001900211942000700230952009900237999001500336 a0631700 00a262.0017bROB aRobbins, Keith aReligion and Humanism aOxfordbBlackwell Pub. Ltd c1981 a365p aincludes index and biblioraphy2 aIndex aChurch-History aChurch-Renewal1 aRobbins, Keith cBK 00104070aHMIbHMId2007-07-11g980.00l0o262.0017 ROBp015018r2007-07-11w2026-01-16yEB c9666d9666